| 000 | 00727cab a2200229 4500 | ||
|---|---|---|---|
| 001 | ABS56039 | ||
| 008 | 090401t1996 xxu||||| |||| 00| 0 eng d | ||
| 035 | _a(Sirsi) u20609 | ||
| 041 | _aeng | ||
| 245 | _aLawyerspeak - Calderbank letters | ||
| 260 | _c1996 | ||
| 350 | _a0 | ||
| 490 |
_aEstates Gazette _v(9643) 26 October 1996, 149-151(3) |
||
| 520 | _aA `Mainly for Students` article on what a `Calderbank letter` entails, and how it can be used to avoid excessive legal costs by making a sealed offer of settlement. | ||
| 650 | _aCALDERBANK LETTERS | ||
| 650 | _aCALDERBANK V CALDERBANK | ||
| 650 | _aLEGAL COSTS | ||
| 650 | _aWITHOUT PREJUDICE LETTERS | ||
| 690 | _aLAW | ||
| 942 | _n0 | ||
| 948 | _c04/03/1997 | ||
| 999 |
_c13807 _d13807 |
||